| 000 | 00467pab a2200181 454500 | ||
|---|---|---|---|
| 008 | 180718b2011 xxu||||| |||| 00| 0 eng d | ||
| 100 | _aNaik, B.M. | ||
| 245 | _aTo adopt new visions of new world: Establishment of technology parks | ||
| 260 | _c2011 | ||
| 300 | _ap.117-124. | ||
| 362 | _a12 Dec | ||
| 650 | _aEducational technology | ||
| 700 | _aShirkhedkar, M.P. | ||
| 700 | _aKandlikar, W.S. | ||
| 773 | _aUniversity News | ||
| 908 | _aN | ||
| 909 | _a95450 | ||
| 999 |
_c95450 _d95450 |
||